| 000 | 00000nam##2200000za#4500 |
| 001 | 9.570221 |
| 003 | CaOODSP |
| 005 | 20210624182134 |
| 007 | cr ||||||||||| |
| 008 | 150406|1999||||xxc|||||o f|0| 0 eng|d |
| 040 | |aCaOODSP|beng |
| 043 | |an-cn--- |
| 086 | 1 |aNH15-333/1999E-PDF |
| 110 | 2 |aCanada Mortgage and Housing Corporation. |
| 245 | 14|aThe effect of improving the home environment on asthma : |h[electronic resource]|ba pilot study |
| 260 | |aOttawa - Ontario : |bCanada Mortgage and Housing Corporation |cJuly 1998. |
| 300 | |a56p.|btables |
| 490 | 1 |aResearch report. Healthy housing and communities series |
| 500 | |aThe catalogue number (NH15-333/1999E) and ISBN (0-662-17909-1) for the print edition have been incorrectly copied in this electronic publication. The print edition is part of the series: Research report. Housing technology series. |
| 590 | |a11-27-Supp|b2011-11-15 |
| 775 | 08|tEffet sur l'asthme d'une amélioration du milieu intérieur résidentiel : |w(CaOODSP)9.600969 |
| 776 | 0#|tThe effect of improving the home environment on asthma : |w(CaOODSP)9.614957 |
| 830 | #0|aResearch report. Healthy housing and communities series.|w(CaOODSP)9.504937 |
| 856 | 40|ahttp://publications.gc.ca|qPDF|s249 KB|uhttps://publications.gc.ca/collections/collection_2011/schl-cmhc/nh18-1-4/NH15-333-1999-eng.pdf |